Gaming Quiz

Random Gaming or Board Games Quiz

Gaming Letter T Quiz Stats

 Plays Quiz not verified by Sporcle

Also try: Gaming Letter S
Challenge
Share
Tweet
Score 0/13 Timer 04:00
0 Plays Today
Hint Answer % Correct
Poker HandThree of a Kind
92.5%
Poker HandTwo Pair
83%
Monopoly PieceThimble
61.3%
Guess Who CharacterTom
58.5%
Ticket to Ride City (North Amerca)Toronto
55.7%
Monopoly PieceTop Hat
48.1%
Settlers of Catan ResourceTimber
39.6%
Dungeons and Dragons ClassThief
33%
Original Pokémon (any)Tauros
30.2%
Monopoly PieceTrain
29.2%
Civilization (original) CapitalTenochtitlan
27.4%
Diplomacy Unassociated CountryTunisia
25.5%
Civilization (original) CapitalThebes
22.6%

You're not logged in!

Compare scores with friends on all Sporcle quizzes.
Join for Free
OR
Log In

You Might Also Like...

Show Comments

Extras

Top Quizzes Today


Score Distribution

Your Account Isn't Verified!

In order to create a playlist on Sporcle, you need to verify the email address you used during registration. Go to your Sporcle Settings to finish the process.

Report this User

Report this user for behavior that violates our Community Guidelines.

Details: